| Tag |
First Indicator |
Second Indicator |
Subfields |
| LEADER |
00000cam a2200000 a 4500 |
| 001 |
in00000077225 |
| 005 |
20231117182732.8 |
| 008 |
810727s1981 nbua cb 001 0 eng |
| 010 |
|
|
|a 81012424
|
| 020 |
|
|
|a 0936364041
|
| 020 |
|
|
|a 093636405X (pbk.)
|
| 035 |
|
|
|a (OCoLC)07733734
|
| 035 |
|
|
|9 AAJ6092AM
|
| 039 |
0 |
|
|a 2
|b 3
|c 3
|d 3
|e 3
|
| 040 |
|
|
|a DLC
|c DLC
|d TXA
|d UtOrBLW
|
| 043 |
|
|
|a n-us---
|a n-usp--
|a n-us-nb
|
| 049 |
|
|
|a TXAS
|c 2 [A08296636]
|a TXAM
|c 1 [388034]
|
| 050 |
0 |
0 |
|a N8214.5.U6
|b G63
|
| 082 |
0 |
|
|a 704.9/49978
|2 19
|
| 100 |
1 |
|
|a Goetzmann, William H.
|
| 245 |
1 |
4 |
|a The West as romantic horizon :
|b selections from the collection of the InterNorth Art Foundation /
|c by William H. Goetzmann & Joseph C. Porter ; with artists' biographies by David C. Hunt.
|
| 250 |
|
|
|a 1st ed.
|
| 264 |
|
1 |
|a Omaha, Neb. :
|b Center for Western Studies, Joslyn Art Museum, InterNorth Art Foundation :
|c [1981]
|
| 264 |
|
2 |
|a Omaha, Neb. :
|b Distributed by University of Nebraska Press,
|
| 264 |
|
4 |
|c ©1981
|
| 300 |
|
|
|a 128 pages :
|b illustrations (some color) ;
|c 29 cm.
|
| 336 |
|
|
|a text
|b txt
|2 rdacontent
|
| 337 |
|
|
|a unmediated
|b n
|2 rdamedia
|
| 338 |
|
|
|a volume
|b nc
|2 rdacarrier
|
| 500 |
|
|
|a Includes illustrations by Alfred Miller, Frederic Remington, Charles Russell and others.
|
| 504 |
|
|
|a Includes bibliographical references and index.
|
| 500 |
|
|
|a "Presented at Kennedy Galleries September 14 through October 2, 1981."
|
| 505 |
0 |
0 |
|t The West as romantic horizon --
|t The romantic horizon in history and ethnology --
|t Artists' biographies and catalogue entries -- v Karl Bodmer 1809-1893 --
|t Alfred Jacob Miller 1810-1874 -- vArtists of the Western frontier.
|
| 610 |
2 |
0 |
|a InterNorth Art Foundation
|x Art collections
|x Exhibitions.
|
| 610 |
2 |
0 |
|a Joslyn Art Museum
|x Exhibitions.
|
| 650 |
|
0 |
|a Art, American
|v Exhibitions.
|
| 651 |
|
0 |
|a West (U.S.)
|v In art
|v Exhibitions.
|
| 700 |
1 |
|
|a Porter, Joseph C.,
|d 1946-
|
| 700 |
1 |
|
|a Hunt, David C.,
|d 1935-
|
| 700 |
1 |
|
|a Miller, Alfred Jacob,
|d 1810-1874.
|
| 700 |
1 |
|
|a Remington, Frederic,
|d 1861-1909.
|
| 700 |
1 |
|
|a Russell, Charles M.
|q (Charles Marion),
|d 1864-1926.
|
| 710 |
2 |
|
|a Joslyn Art Museum.
|
| 710 |
2 |
|
|a InterNorth Art Foundation.
|
| 999 |
|
|
|a MARS
|
| 999 |
f |
f |
|s 1202a6ff-68c9-3384-a1cc-2f870c0fce93
|i df1e5f6e-50d0-346e-b08f-b310c362a030
|t 0
|
| 952 |
f |
f |
|p noncirc
|a Texas A&M University
|b College Station
|c Cushing Memorial Library & Archives
|d Cushing: Dykes (Does not check out)
|t 0
|e N8214.5.U6 G63
|h Library of Congress classification
|i unmediated -- volume
|m A14853126041
|
| 952 |
f |
f |
|p normal
|a Texas A&M University
|b College Station
|c Sterling C. Evans Library
|d Evans: Library Stacks
|t 0
|e N8214.5.U6 G63
|h Library of Congress classification
|i unmediated -- volume
|m A14806167019
|
| 998 |
f |
f |
|a N8214.5.U6 G63
|t 0
|l Evans: Library Stacks
|
| 998 |
f |
f |
|a N8214.5.U6 G63
|t 0
|l Cushing: Dykes (Does not check out)
|